000 01531nab a22002897a 4500
999 _c5995
_d5995
003 OSt
005 20260115191242.0
008 190605e xxu||||| |||| 00| 0 spa d
040 _cPJ
100 _96373
_aForconi, Ignacio
245 1 3 _aEl derecho a la desconexión laboral. Una respuesta jurídica y organizacional a los desafíos de la hiperconectividad - Por Ignacio Forconi
_cIgnacio Forconi.
260 _aCiudad Autónoma de Buenos Aires :
_bThomson Reuters La Ley,
_c2025.
300 _ap. 30-41
500 _aCita Online: Cita: TR LALEY AR/DOC/346/2025.
505 _aSumario: I. Introducción.— II. El derecho a la desconexión: contexto y necesidad.— III. Fundamentos jurídicos y marco normativo.— IV. Impacto del derecho a la desconexión en las organizaciones.— V. Desafíos en la implementación del derecho a la desconexión.— VI. Jurisprudencia relevante.—VIII. Conclusiones.— IX. Síntesis.— X. Bibliografía.
505 _t¿Te interesa el texto completo? Solicitalo al correo: koha@justierradelfuego.gov.ar
650 0 _91316
_aDERECHO LABORAL
650 0 _91323
_aCONTRATO DE TRABAJO
650 0 _95233
_aPANDEMIA
650 0 _9289
_aTECNOLOGIA DE LA INFORMACION
650 0 _9273
_aDERECHO INFORMATICO
650 0 _9281
_aINTERNET
650 0 _95817
_aINTELIGENCIA ARTIFICIAL
650 0 _94439
_aTELETRABAJO
773 0 _02711
_93168
_dCiudad Autónoma de Buenos Aires : Thomson Reuters La Ley, 1999-2002.
_tRevista de derecho del trabajo. Nº 2 - Marzo 2025
942 _2udc
_cANA